| 000 | 00795cam a22002292 4500 | ||
|---|---|---|---|
| 001 | 27637 | ||
| 003 | BD-RjUL | ||
| 005 | 20211209051201.0 | ||
| 008 | 140325s1980 ru af 000 0 eng d | ||
| 035 | _a(BD-RjUL)27716 | ||
| 040 |
_aUIU _cUIU _dOCL _dBD-RjUL _beng |
||
| 041 | 1 |
_aeng _hrus |
|
| 082 |
_a947 _bPOM 1980 |
||
| 100 | 1 |
_aPopov, Sergeĭ Grigorʹevich. _984878 |
|
| 245 | 1 | 0 |
_aMoscow's red carpet welcome for 1980 Olympics / _cSergei Popov, Alexei Srebnitsky. |
| 260 |
_aMoscow : _bNovosti Press Agency Pub. House, _c1980. |
||
| 300 |
_a82 p., [32] p. of plates : _bill. (some col.) ; _c17 cm. |
||
| 500 | _aTranslation of: Moskva, dobro pozhalovat', Olimpiada. | ||
| 700 | 1 |
_aSrebnit͡skiĭ, A. _q(Alekseĭ) _984879 |
|
| 942 |
_2ddc _cBK |
||
| 999 |
_c27637 _d27637 |
||